00243nam a2200109Ia 4500008004100000100001500041245003100056260000800087260000900095546001200104999001700116170619s9999 xx 000 0 und d aBali- S.P. 0aLinear Integrated Circuits bTMH c2008 aENGLISH c20451d20451